000 00694nam a22002417a 4500
003 UA-OsUOA
001 105070
007 ta
008 20140210b un ||||| |||| 00| 0 ukr d
100 _aУилсон Р.
090 _a004.738.5:658.8
_bУ36
942 _cBK
040 _aUA-OsUOA
_bukr
_cUA-OsUOA
_dUA-OsUOA
245 _aПланирование стратегии интернет-маркетинга
300 _a264 с.
955 _a2
041 _aukr
080 _a004.738.5:658.8
020 _a5-938-90005-0
260 _aМ.
_bИД Гребенникова
_c2003
650 7 _a00 Загальні питання науки і культури
_2UDC
999 _c390839
_d390839